Актуальные инфекции в Гвинейской Республике: эпидемиология, диагностика и иммунитет (Запись № 11308460)

Подробности
000 -МАРКЕР
контрольное поле 02870nam0a2200409 4500
001 - ИДЕНТИФИКАТОР ЗАПИСИ
контрольное поле RU\NLR\BIBL_A\011685189
005 - ИДЕНТИФИКАТОР ВЕРСИИ
контрольное поле 20180510105457.0
010 ## - МЕЖДУНАРОДНЫЙ СТАНДАРТНЫЙ НОМЕР КНИГИ (ISBN)
Номер (ISBN) 978-5-904405-42-7
Тираж 400
021 ## - НОМЕР ГОСУДАРСТВЕННОЙ РЕГИСТРАЦИИ
Код страны Российская Федерация
Номер КН-П-18-021452
Номер Листа государственной регистраци КН-П-18-1566
035 ## - ДРУГИЕ СИСТЕМНЫЕ НОМЕРА
Идентификатор записи (NLR Aleph) 011685189
035 ## - ДРУГИЕ СИСТЕМНЫЕ НОМЕРА
Идентификатор записи (RuMoRGB)009581298
100 ## - ДАННЫЕ ОБЩЕЙ ОБРАБОТКИ
Данные общей обработки 20180419d2017 k y0rusy50 ca
101 0# - ЯЗЫК РЕСУРСА
Язык текста, звукозаписи и т.д. русский
102 ## - СТРАНА ПУБЛИКАЦИИ ИЛИ ПРОИЗВОДСТВА
Страна публикации Российская Федерация
105 ## - ПОЛЕ КОДИРОВАННЫХ ДАННЫХ: ТЕКСТОВЫЕ МАТЕРИАЛЫ, МОНОГРАФИЧЕСКИЕ
Кодированные данные о монографическом текстовом документе a z 000zy
200 1# - ЗАГЛАВИЕ И СВЕДЕНИЯ ОБ ОТВЕТСТВЕННОСТИ
Основное заглавие Актуальные инфекции в Гвинейской Республике: эпидемиология, диагностика и иммунитет
Сведения, относящиеся к заглавию [монография
Первые сведения об ответственности Абдрашитова Адиля Сабержановна, кандидат биологических наук, Абдул-Бастои Ибрагим, Агафонов Александр Петрович, доктор биологических наук и др.]
Последующие сведения об ответственности под редакцией профессора, доктора медицинских наук А. Ю. Поповой
-- Федеральная служба по надзору в сфере защиты прав потребителей и благополучия человека, Федеральное казенное учреждение здравоохранения Российский научно-исследовательский противочумный институт "Микроб" [и др.]
210 ## - ПУБЛИКАЦИЯ, РАСПРОСТРАНЕНИЕ И ДР.
Место издания, распространения и т.д. Санкт-Петербург
Имя издателя, распространителя и т. д. Изд-во ФБУН НИИЭМ им. Пастера
Дата издания, распространения и т.д. 2017
215 ## - ФИЗИЧЕСКАЯ ХАРАКТЕРИСТИКА
Специфическое обозначение материала и объем 288, VIII с.
Другие сведения о физической характеристике ил., табл., цв. ил.
Размеры 25
300 ## - ОБЩИЕ ПРИМЕЧАНИЯ
Текст примечания Авт. указаны на 3-й с.
320 ## - ПРИМЕЧАНИЯ О НАЛИЧИИ В ДОКУМЕНТЕ БИБЛИОГРАФИИ / УКАЗАТЕЛЯ
Текст примечания Библиогр. в конце ст.
606 1# - НАИМЕНОВАНИЕ ТЕМЫ КАК ПРЕДМЕТ
Наименование темы Инфекционные болезни
Тематический подзаголовок Эпидемиология
Географический подзаголовок Гвинейская Республика
Код системы nlr_sh1
-- nlr_sh2
Идентификатор авторитетной/нормативной записи RU\NLR\AUTH\66481013
606 1# - НАИМЕНОВАНИЕ ТЕМЫ КАК ПРЕДМЕТ
Наименование темы Инфекционные болезни
Тематический подзаголовок Диагностика
Географический подзаголовок Гвинейская Республика
Код системы nlr_sh2
Идентификатор авторитетной/нормативной записи RU\NLR\AUTH\6601634500
686 ## - ИНДЕКСЫ ДРУГИХ КЛАССИФИКАЦИЙ
Индекс Р192.9(6Гв),0
Код системы
686 1# - ИНДЕКСЫ ДРУГИХ КЛАССИФИКАЦИЙ
Индекс Р192.9(63Гв)
686 1# - ИНДЕКСЫ ДРУГИХ КЛАССИФИКАЦИЙ
Индекс Р51-4
701 #1 - ИМЯ ЛИЦА - АЛЬТЕРНАТИВНАЯ ОТВЕТСТВЕННОСТЬ
Начальный элемент ввода Абдрашитова
Часть имени, кроме начального элемента ввода А. С.
Расширение инициалов личного имени Адиля Сабержановна
701 #1 - ИМЯ ЛИЦА - АЛЬТЕРНАТИВНАЯ ОТВЕТСТВЕННОСТЬ
Начальный элемент ввода Абдул-Бастои
Часть имени, кроме начального элемента ввода И.
Расширение инициалов личного имени Ибрагим
Идентификатор авторитетной/нормативной записи RU\NLR\AUTH\770188197
701 #1 - ИМЯ ЛИЦА - АЛЬТЕРНАТИВНАЯ ОТВЕТСТВЕННОСТЬ
Начальный элемент ввода Агафонов
Часть имени, кроме начального элемента ввода А. П.
Расширение инициалов личного имени Александр Петрович
702 #1 - ИМЯ ЛИЦА - ВТОРИЧНАЯ ОТВЕТСТВЕННОСТЬ
Начальный элемент ввода Попова
Часть имени, кроме начального элемента ввода А. Ю.
Дополнения к именам, кроме дат д-р мед. наук, гос. деятель
Даты 1960-
Расширение инициалов личного имени Анна Юрьевна
Идентификатор авторитетной/нормативной записи RU\NLR\AUTH\770138904
Код отношения Редактор
712 02 - НАИМЕНОВАНИЕ ОРГАНИЗАЦИИ - ВТОРИЧНАЯ ОТВЕТСТВЕННОСТЬ
Начальный элемент ввода "Микроб", российский научно-исследовательский противочумный институт
Идентифицирующий признак Саратов
Идентификатор авторитетной/нормативной записи RU\NLR\AUTH\8810026499
Код отношения Прочие
942 ## - ДОПОЛНИТЕЛЬНЫЕ ЭЛЕМЕНТЫ ЗАПИСИ (АБИС)
Тип экземпляра АБИС Книга
980 ## - КОЛЛЕКЦИЯ
Название коллекции НБР
980 ## - КОЛЛЕКЦИЯ
Название коллекции Национальная библиография

Нет доступных экземпляров.